[Event "Benidorm op"]
[Site "Benidorm"]
[Date "1991.??.??"]
[Round "5"]
[White "Wells, Peter K"]
[Black "Contin, Daniel"]
[Result "1-0"]
[WhiteElo "2460"]
[BlackElo "2340"]

1.d4 e6 2.c4 Nf6 3.Nc3 Bb4 4.f3 c5 5.d5 Bxc3+ 6.bxc3 e5 7.e4 d6 8.Bd3 Nbd7
9.Ne2 Nf8 10.h4 h5 11.Bg5 Bd7 12.Rb1 Qc7 13.Qb3 Rb8 14.Bxf6 gxf6 15.f4 Rg8
16.f5 Rxg2 17.Kd2 Ng6 18.fxg6 fxg6 19.Rhg1 Rxg1 20.Rxg1 Kf7 21.Ng3 Qd8 22.Qd1 Qa5
23.Nf5 Qxa2+ 24.Bc2 Ba4 25.Rxg6 Bxc2 26.Rg7+ Kf8 27.Rg8+  1-0

[Event "Benidorm op"]
[Site "Benidorm"]
[Date "1991.??.??"]
[Round "9"]
[White "Wells, Peter K"]
[Black "Sanchez Guirado, Francisco"]
[Result "1/2-1/2"]
[WhiteElo "2460"]
[BlackElo "2330"]

1.d4 Nf6 2.c4 e6 3.Nc3 Bb4 4.f3 c5 5.d5 b5 6.e4 bxc4 7.Bxc4 Nxd5 8.Bxd5 exd5
9.Qxd5 Nc6 10.Ne2 Ba6 11.Kf2 O-O 12.Rd1 Bxc3 13.Nxc3 Nb4 14.Qd6 Rb8 15.Kg1 c4
16.Nd5 Nxd5 17.Rxd5 Bb5 18.Be3 Bc6 19.Rd2 Qa5 20.Qg3 f6 21.Rad1 Rbe8 22.Bd4 Qxa2
23.Bc3 Qa4 24.h4 Qb5 25.Ra1 Qb8 26.Qf2 Qb5 27.Ra5 Qb6 28.Rxa7 Qxf2+ 29.Kxf2 Ra8
30.Rxa8 Rxa8 31.Rd4 Ra4 32.g4 Kf7 33.h5 Ke6 34.h6 gxh6 35.Rd1 d5 36.exd5+ Bxd5
37.Rh1 Ra7 38.Rxh6 Rf7 39.g5 Kf5 40.Bxf6 Rd7 41.Kg3 Bg8 42.Rh4 Rd3 43.Rf4+ Kg6
44.Bc3 Bd5 45.Kg4 h5+ 46.gxh6 Kxh6 47.Rf6+ Kg7 48.Ra6+ Kf7 49.f4 Bb7 50.Rf6+ Ke7
51.Rh6 Bd5 52.f5 Bg8 53.Ra6 Rd1 54.Ra7+ Rd7 55.Ra8 Bd5 56.Rh8 Rb7 57.Kg5 Kf7
58.Rh7+ Kg8 59.Rh8+ Kf7 60.Rd8 Be4 61.Rd4 Bd3 62.Rd5 Be4 63.Rd6 Rb5 64.Rf6+ Kg8
65.Kg6 Bd3 66.Bd4 Bc2 67.Rf7 Bd3 68.Rg7+  1/2-1/2

[Event "Kreuzberg"]
[Site "Berlin"]
[Date "1991.??.??"]
[Round "3"]
[White "Wells, Peter K"]
[Black "Lagunow, Alexander"]
[Result "1/2-1/2"]
[WhiteElo "2460"]
[BlackElo "2445"]

1.d4 Nf6 2.c4 e6 3.Nc3 Bb4 4.f3 c5 5.d5 Bxc3+ 6.bxc3 d6 7.e4 Qa5 8.Bd2 Nbd7
9.Ne2 Ne5 10.Ng3 Bd7 11.f4 Ng6 12.Be2 O-O-O 13.O-O Rde8 14.dxe6 fxe6 15.Bh5 Nxh5
16.Nxh5 Rhg8 17.Be1 Qa6 18.Qd3 Bc6  1/2-1/2

[Event "Biel"]
[Site "Biel"]
[Date "1991.??.??"]
[Round "3"]
[White "Shirov, Alexei"]
[Black "Gavrikov, Viktor"]
[Result "1/2-1/2"]
[WhiteElo "2610"]
[BlackElo "2585"]

1.d4 Nf6 2.c4 e6 3.Nc3 Bb4 4.f3 d5 5.a3 Bxc3+ 6.bxc3 c5 7.cxd5 Nxd5 8.Qd3 O-O
9.e4 Ne7 10.dxc5 Qa5 11.Bf4 Nbc6 12.Bd6 e5 13.Qd2 Rd8 14.Bc4 b6 15.Rd1 Ba6
16.Bxa6 Qxa6 17.Qc1 bxc5 18.Ne2 Qa5 19.Bxe7 Nxe7 20.Kf2 c4 21.Rxd8+ Rxd8
22.Rd1 Qb6+  1/2-1/2

[Event "Biel op (Women)"]
[Site "Biel"]
[Date "1991.??.??"]
[Round "7"]
[White "Ionescu Ilie, Viorica"]
[Black "Voiska, Margarita"]
[Result "0-1"]
[WhiteElo "2150"]
[BlackElo "2350"]

1.d4 e6 2.c4 Nf6 3.Nc3 Bb4 4.f3 c5 5.d5 b5 6.e4 bxc4 7.Bxc4 Nxd5 8.Bxd5 exd5
9.Qxd5 Nc6 10.Ne2 Ba6 11.Be3 O-O 12.a3 Bxc3+ 13.Nxc3 Rb8 14.Rb1 Qh4+ 15.Bf2 Qf6
16.Qd2 Ne5 17.Nd5 Qe6 18.Bg3 Nd3+ 19.Kd1 Rb7 20.Nf4 Qa2 21.Qc2 Nxb2+ 22.Kd2 Nc4+  0-1

[Event "Biel"]
[Site "Biel"]
[Date "1991.??.??"]
[Round "9"]
[White "Shirov, Alexei"]
[Black "Christiansen, Larry Mark"]
[Result "1-0"]
[WhiteElo "2610"]
[BlackElo "2600"]

1.d4 Nf6 2.c4 e6 3.Nc3 Bb4 4.f3 d5 5.a3 Be7 6.e4 dxe4 7.fxe4 e5 8.d5 c6 9.Nf3 O-O
10.Bd3 Bg4 11.h3 Bxf3 12.Qxf3 a5 13.O-O Nbd7 14.Be3 a4 15.Kh1 Ne8 16.Bc2 Nc5
17.Rad1 Qa5 18.Qf2 Rd8 19.Qg1 cxd5 20.Nxd5 Bd6 21.Nc3 b6 22.Nb5 Be7 23.Rxd8 Bxd8
24.Bxc5 bxc5 25.Qxc5 Qd2 26.Qf2 Qh6 27.Bxa4 Nf6 28.Nd6 Ng4 29.Qf3 Qxd6 30.Qxg4 Qd3
31.Qf3 Qxc4 32.Bb3 Qc7 33.Bd5 g6 34.Qe3 Kg7 35.Rc1 Qb8 36.b4 Bb6 37.Qc3 Bd4
38.Qc6 Qa7 39.a4 Be3 40.Rf1 f5 41.a5 Qd4 42.Qd6 Bg5 43.a6 Qd3 44.Rf3 Qd2
45.Qxe5+ Kh6 46.a7 fxe4 47.Rxf8 Qe1+ 48.Kh2 Be3 49.Qf4+ Bxf4+ 50.Rxf4 Qc1
51.Rf7  1-0

[Event "Biel"]
[Site "Biel"]
[Date "1991.??.??"]
[Round "11"]
[White "Shirov, Alexei"]
[Black "Adams, Michael"]
[Result "1-0"]
[WhiteElo "2610"]
[BlackElo "2615"]

1.d4 Nf6 2.c4 e6 3.Nc3 Bb4 4.f3 c5 5.d5 Nh5 6.Nh3 d6 7.g4 Nf6 8.Bg2 Bxc3+
9.bxc3 e5 10.Nf2 Nbd7 11.O-O h6 12.e3 Qa5 13.Qd3 Nb6 14.f4 Qa4 15.g5 hxg5
16.fxg5 Ng8 17.Ne4 Qd7 18.Bd2 Qe7 19.Rf2 Bg4 20.Raf1 Bh5 21.Ng3 Bg6 22.Be4 Qxg5
23.Bxg6 Qxg6 24.Qxg6 fxg6 25.Rf8+ Kd7 26.Rxa8 Nxa8 27.Rf8 Nb6 28.e4 Ke7 29.Rb8 Kf6
30.Rf8+ Ke7 31.Rb8 Kf6 32.h4 Rxh4 33.Rf8+ Ke7 34.Rxg8 Nxc4 35.Bc1 Rh7 36.Rb8 Na5
37.Bg5+ Kd7 38.Kg2 Kc7 39.Re8 Nc4 40.Re6 a5 41.Rxg6 b5 42.Nf5 b4 43.cxb4 axb4
44.Be7 Rh8 45.Bxd6+ Nxd6 46.Rxg7+  1-0

[Event "Mitropa-Cup"]
[Site "Brno"]
[Date "1991.??.??"]
[Round "6"]
[White "Costa, Jean Luc"]
[Black "Bischoff, Klaus"]
[Result "1/2-1/2"]
[WhiteElo "2410"]
[BlackElo "2510"]

1.d4 Nf6 2.c4 e6 3.Nc3 Bb4 4.f3 c5 5.d5 d6 6.Bd2 O-O 7.e4 Re8 8.Nge2 exd5
9.cxd5 Nbd7 10.Ng3 Ne5 11.Be2 Bd7 12.O-O c4 13.Be3 b5 14.Qd2 Ba5 15.Rfc1 Bb6
16.Nh1 Rc8 17.Nf2  1/2-1/2

[Event "Bucharest (Women)"]
[Site "Bucharest"]
[Date "1991.??.??"]
[Round "?"]
[White "Ionescu Ilie, Viorica"]
[Black "Iosif, Cristina S"]
[Result "1/2-1/2"]
[WhiteElo "2115"]
[BlackElo "2160"]

1.d4 Nf6 2.c4 e6 3.Nc3 Bb4 4.f3 d5 5.a3 Bxc3+ 6.bxc3 c5 7.cxd5 Nxd5 8.dxc5 Qa5
9.e4 Nf6 10.Be3 O-O 11.Ne2 Na6 12.Kf2 Rd8 13.Qc2 Nxc5 14.Nd4 e5 15.Nb3 Nxb3
16.Qxb3 Be6 17.Qb4 Qc7 18.Be2 b6 19.Rhc1 Nd7 20.a4 a5 21.Qb5 Rdc8 22.Rab1 Rab8
23.Rd1 Kf8 24.Bc1 Qc5+ 25.Qxc5+ Nxc5 26.Ba3 f6 27.Rd6 Kf7 28.Rdxb6 Rxb6 29.Rxb6 Nxa4
30.Rb7+ Kg6 31.c4 Nc3 32.Bd3 Bxc4 33.Bxc4 Rxc4 34.Bf8 Rc8 35.Rxg7+ Kh6 36.Rf7+ Kg6
37.Rg7+ Kh6 38.Rg8+ Kh5 39.g4+ Kh4 40.Rh8 Rc7 41.Rg8  1/2-1/2

[Event "Escom IM-A"]
[Site "Budapest"]
[Date "1991.??.??"]
[Round "2"]
[White "Sokolovs, Andrei"]
[Black "Zsinka, Laszlo"]
[Result "1/2-1/2"]
[WhiteElo "2360"]
[BlackElo "2375"]

1.d4 Nf6 2.c4 e6 3.Nc3 Bb4 4.f3 c5 5.d5 O-O 6.e4 d6 7.Bd3 Bxc3+ 8.bxc3 Qe7
9.Ne2 Nbd7 10.O-O Ne5 11.Bg5 h6 12.Bh4 Re8 13.Bg3 b6 14.Bxe5 dxe5 15.Ng3 Rd8
16.Qe2 Bd7 17.Rae1 g5 18.Nh1 Kh8 19.Nf2 Ng8 20.Ng4 Qd6 21.g3 Rf8 22.Rf2 Rae8
23.f4 f6 24.Ref1 exd5 25.fxe5 Bxg4 26.exd6 Bxe2 27.Rxe2 dxe4 28.Rxe4 Rxe4
29.Bxe4 Rd8 30.Rd1 Kg7 31.Kf2 h5 32.Bf3  1/2-1/2

[Event "Cansys"]
[Site "Budapest"]
[Date "1991.??.??"]
[Round "5"]
[White "Moskalenko, Viktor"]
[Black "Lukacs, Peter"]
[Result "1/2-1/2"]
[WhiteElo "2525"]
[BlackElo "2460"]

1.d4 Nf6 2.c4 e6 3.Nc3 Bb4 4.f3 d5 5.a3 Bxc3+ 6.bxc3 c5 7.cxd5 Nxd5 8.dxc5 Qa5
9.e4 Nf6 10.Be3 O-O 11.Qb3 Nfd7 12.a4 Qc7 13.Qa3 Nc6 14.Nh3 Na5 15.Bb5 Ne5
16.Bf4 Nxf3+ 17.gxf3 e5 18.Be3 Bxh3 19.Rg1 Kh8 20.O-O-O a6 21.Be2 Be6 22.Qb4 Rac8
23.Kb2 Nb3 24.Bc4 Bxc4 25.Qxc4 Na5 26.Qb4 Rfd8 27.Rd5 Nc6  1/2-1/2

[Event "Spring op"]
[Site "Budapest"]
[Date "1991.??.??"]
[Round "5"]
[White "Bogdanovich, Grigory"]
[Black "Mochalov, Evgeny V"]
[Result "0-1"]
[WhiteElo "2355"]
[BlackElo "2425"]

1.d4 Nf6 2.c4 e6 3.Nc3 Bb4 4.f3 d5 5.a3 Be7 6.e4 dxe4 7.fxe4 e5 8.d5 O-O
9.Nf3 Bg4 10.Be3 Nfd7 11.Be2 a5 12.O-O Na6 13.Nd2 Bc5 14.Bxc5 Bxe2 15.Qxe2 Naxc5
16.b4 Na6 17.Rab1 axb4 18.axb4 Qe7 19.c5 Naxc5 20.bxc5 Qxc5+ 21.Kh1 Qxc3
22.Rfc1 Qa5 23.Rb5 Qa2 24.Rxc7 Nf6 25.Rcxb7 Qc2 26.Qf2 Nxe4  0-1

[Event "Cansys GM-Nov"]
[Site "Budapest"]
[Date "1991.??.??"]
[Round "6"]
[White "Khenkin, Igor"]
[Black "Lengyel, Levente"]
[Result "1-0"]
[WhiteElo "2460"]
[BlackElo "2380"]

1.d4 Nf6 2.c4 e6 3.Nc3 Bb4 4.f3 d5 5.a3 Bxc3+ 6.bxc3 c5 7.cxd5 Nxd5 8.Qd3 cxd4
9.cxd4 Nc6 10.e4 Nb6 11.Be3 O-O 12.Be2 f5 13.Rd1 Bd7 14.Nh3 fxe4 15.fxe4 e5
16.d5 Bxh3 17.dxc6 Qh4+ 18.g3 Qe7 19.Rg1 bxc6 20.Qd6 Qf7 21.g4 Nc4 22.Qc5 Nxe3
23.Qxe3 h5 24.gxh5 Kh8 25.Qg3 Be6 26.Rd6 Rae8 27.h6 gxh6 28.Bh5  1-0

[Event "Cansys"]
[Site "Budapest"]
[Date "1991.??.??"]
[Round "7"]
[White "Moskalenko, Viktor"]
[Black "Atalik, Suat"]
[Result "1-0"]
[WhiteElo "2525"]
[BlackElo "2420"]

1.d4 Nf6 2.c4 e6 3.Nc3 Bb4 4.f3 d5 5.a3 Be7 6.e4 c5 7.dxc5 Bxc5 8.b4 Bd6
9.cxd5 Be5 10.Nge2 exd5 11.f4 Bxc3+ 12.Nxc3 Bg4 13.Qd3 Nxe4 14.Nxe4 dxe4
15.Qxe4+ Qe7 16.Bd3 Nc6 17.O-O Qxe4 18.Bxe4 O-O 19.h3 Be6 20.Bb2 f5 21.Bf3 a6
22.Rfe1 Rfe8 23.Rad1 Rad8 24.Kf2 Kf7 25.g4 Rxd1 26.Rxd1 h6 27.g5 hxg5 28.fxg5 Re7
29.h4 Rc7 30.Kg3 g6 31.h5 gxh5 32.Bxh5+ Kf8 33.g6 Ke7 34.Kf4 Nb8 35.Be5 Rc4+
36.Kg5 Nd7 37.Bd6+ Kd8 38.Bf3  1-0

[Event "Schneider mem op"]
[Site "Budapest"]
[Date "1991.??.??"]
[Round "7"]
[White "Safin, Shukhrat"]
[Black "Eperjesi, Laszlo"]
[Result "1-0"]
[WhiteElo "2410"]
[BlackElo "2345"]

1.d4 Nf6 2.c4 e6 3.Nc3 Bb4 4.f3 c5 5.d5 d6 6.e4 O-O 7.Bd3 Nh5 8.Ne2 Qh4+
9.g3 Qe7 10.Bd2 f5 11.exf5 exf5 12.Qc2 g6 13.O-O-O Nd7 14.Bh6 Ng7 15.Rhe1 Ne5
16.Ng1 Qf6 17.f4 Nf7 18.Bxg7 Kxg7 19.Re2 Bxc3 20.Qxc3 Qxc3+ 21.bxc3 Bd7 22.Re7 Rad8
23.Kd2 Rfe8 24.Rde1 Rxe7 25.Rxe7 Kf6 26.Re1 Re8 27.Rb1 Nd8 28.Nf3 b6 29.h3 Nb7
30.Nh4 Na5 31.Ng2 Bc8 32.Ne3 h5 33.Rg1 Ba6 34.g4 hxg4 35.hxg4 Rh8 36.gxf5 Rh2+
37.Ke1 gxf5 38.Rg5 Rh4 39.Rxf5+ Ke7 40.Kf2 Rh2+ 41.Kf3 Rxa2 42.Rh5 Ra3 43.Rh7+ Kf8
44.Bg6 Rxc3 45.Kf2 Bxc4 46.Nf5 Bxd5 47.Re7 Bc6 48.Rc7  1-0

[Event "Cansys IM-A"]
[Site "Budapest"]
[Date "1991.??.??"]
[Round "13"]
[White "Barsov, Alexei"]
[Black "Budnikov, Alexandar"]
[Result "0-1"]
[WhiteElo "2425"]
[BlackElo "2440"]

1.d4 Nf6 2.c4 e6 3.Nc3 Bb4 4.f3 c5 5.d5 exd5 6.cxd5 d6 7.e4 Nbd7 8.Nh3 O-O
9.Nf2 Re8 10.Be2 a6 11.O-O Rb8 12.a4 Qc7 13.Qc2 Ba5 14.Na2 Qd8 15.Rb1 Ne5
16.Nd3 Ng6 17.Nf4 Ne5 18.Nd3 Nfd7 19.b4 Nxd3 20.Bxd3 cxb4 21.Nxb4 Qb6+ 22.Qf2 Qxf2+
23.Kxf2 Nc5 24.Bc2 Bd7 25.Bf4 Bb6 26.Kg3 Bc7 27.Rfc1 a5 28.Na2 b5 29.axb5 Bxb5
30.Nc3 Bd7 31.Rxb8 Rxb8 32.Rb1 Rb4 33.Bd2 Kf8 34.Kf2 Ke7 35.Ke2 Bc8 36.Ke1 Ba6
37.Rxb4 axb4 38.Na4 Ba5 39.Nb2 Kd7 40.f4 f6 41.g3 Bb5 42.Kd1 Bf1 43.Ke1 Bg2
44.Nc4 b3 45.Bxb3 Nxb3 46.Nxa5 Nxd2 47.Kxd2 Bxe4 48.Nc6 Bxd5 49.Nd4 Be4 50.Ke3 Bg6
51.f5 Bf7 52.g4 Kc7 53.Ne2 Kc6 54.Kd4 Kd7 55.Nf4 Ke7 56.Ng2 Be8 57.Ne3 Bc6
58.h4 h6 59.Kc4 Bf3 60.Kd4 Kd7 61.Nd5 Bxg4 62.Nf4 Bxf5 63.Nh5 Bg4  0-1

[Event "BUL-ch"]
[Site "?"]
[Date "1991.??.??"]
[Round "8"]
[White "Genov, Petar"]
[Black "Nikolov, S."]
[Result "1-0"]
[WhiteElo "2420"]
[BlackElo "2395"]

1.d4 Nf6 2.c4 e6 3.Nc3 Bb4 4.f3 d5 5.a3 Bxc3+ 6.bxc3 c5 7.cxd5 Nxd5 8.dxc5 Qa5
9.e4 Nxc3 10.Qd2 Nc6 11.Bb2 Na4 12.Qxa5 Nxa5 13.Bxg7 Rg8 14.Bh6 Bd7 15.Kf2 Rc8
16.Ne2 Nxc5 17.Nd4 Ke7 18.Be3 a6 19.Be2 Kf6 20.g4 Na4 21.Rac1 b5 22.g5+ Kg7
23.Bf4 Nc4 24.Bxc4 Rxc4 25.Be5+ Kg6 26.Ne2 h6 27.Rcg1 hxg5 28.Rxg5+ Kxg5
29.Rg1+ Kh6 30.Rxg8 Rc8 31.Rg3 Rc2 32.Kf1 f6 33.Bxf6 e5 34.Bg7+ Kh7 35.Bxe5 Nc5
36.Nf4 Ne6 37.Nd5 Bc6 38.Ne7 Kh6 39.Rg6+  1-0

[Event "BUL-ch"]
[Site "?"]
[Date "1991.??.??"]
[Round "10"]
[White "Mitev, Georgi"]
[Black "Kurtenkov, Atanas"]
[Result "1-0"]
[WhiteElo "2280"]
[BlackElo "2365"]

1.d4 Nf6 2.c4 e6 3.Nc3 Bb4 4.f3 d5 5.a3 Be7 6.e3 O-O 7.cxd5 exd5 8.Bd3 c5
9.Nge2 Nc6 10.Bc2 Re8 11.O-O b5 12.Kh1 Ba6 13.Re1 cxd4 14.Nxd4 Nxd4 15.exd4 h6
16.Bb3 Rf8 17.Bf4 Rc8 18.Qd2 Bb7 19.Bc2 Re8 20.Bxh6 Nh5 21.Bg5 g6 22.Bxe7 Rxe7
23.Rxe7 Qxe7 24.Re1 Qf6 25.Bb3 Nf4 26.Re5 Kg7 27.g3 Ne6 28.Kg2 Rd8 29.Bxd5 Rd7
30.Ne4 Qd8 31.Bxe6 Rxd4 32.Qc3 Rd3 33.Rd5+ Rxc3 34.Rxd8 Rc2+ 35.Nf2  1-0

[Event "Cappelle op"]
[Site "Cappelle la Grande"]
[Date "1991.??.??"]
[Round "3"]
[White "Crouch, Colin S"]
[Black "Conquest, Stuart"]
[Result "1/2-1/2"]
[WhiteElo "2315"]
[BlackElo "2460"]

1.d4 Nf6 2.c4 e6 3.Nc3 Bb4 4.f3 c5 5.d5 b5 6.e4 bxc4 7.Bxc4 Nxd5 8.Bxd5 exd5
9.Qxd5 Nc6 10.Ne2 Ba6 11.Kf2 O-O 12.Rd1 Ba5 13.Qh5 Nb4 14.Nf4 Nc2 15.Rb1 Rb8
16.Ncd5 Nd4 17.b4 f5 18.Bb2 Bc7 19.Nxc7 Qxc7 20.Nd5 Qe5 21.Bc1 Qe6 22.Bf4 d6
23.bxc5 Rxb1 24.Rxb1 dxc5 25.Rb8 Rxb8 26.Bxb8 fxe4 27.fxe4 Qxe4 28.Ne3 Bb7
29.Qxc5 Qh4+ 30.Bg3 Qf6+ 31.Ke1 Ne6 32.Qe5 Qxe5 33.Bxe5 Kf7 34.Kd2 Nc5 35.Kc3 g5
36.Bd4 Ne4+ 37.Kb4 a6 38.Ka5 Ke6 39.Kb6 Bc8 40.a3 Nd6 41.Kc5  1/2-1/2

[Event "CZE-ch"]
[Site "CSR"]
[Date "1991.??.??"]
[Round "4"]
[White "Jirovsky, Milos"]
[Black "Jirovsky, Pavel"]
[Result "1/2-1/2"]
[WhiteElo "2310"]
[BlackElo "2335"]

1.d4 Nf6 2.c4 e6 3.Nc3 Bb4 4.f3 d5 5.cxd5 Nxd5 6.Qd3 c5 7.a3 Bxc3+ 8.bxc3 cxd4
9.cxd4 Nc6 10.e4 Nb6 11.Be3 O-O 12.Rd1 f5 13.Nh3  1/2-1/2

[Event "Espoo op"]
[Site "Espoo"]
[Date "1991.??.??"]
[Round "3"]
[White "Hurme, Harri M"]
[Black "Kiik, Kalle"]
[Result "0-1"]
[WhiteElo "2280"]
[BlackElo "2425"]

1.d4 Nf6 2.c4 e6 3.Nc3 Bb4 4.f3 c5 5.a3 Ba5 6.e3 d5 7.dxc5 Bxc3+ 8.bxc3 Qa5
9.cxd5 exd5 10.Qc2 O-O 11.Bd3 Bd7 12.Ne2 Na6 13.Kf2 Ba4 14.Qb1 Nxc5 15.Bc2 Bxc2
16.Qxc2 Qc7 17.Bd2 Rfe8 18.Nd4 Rac8 19.h4 Ne6 20.Qf5 Nc5 21.a4 Nce4+ 22.fxe4 Nxe4+
23.Kg1 Nxd2 24.Rh3 Qxc3 25.Re1 g6 26.Qxd5 Rcd8 27.Nb5 Nf3+ 28.Qxf3 Qxe1+
29.Kh2 Rd1  0-1

[Event "Espoo op"]
[Site "Espoo"]
[Date "1991.??.??"]
[Round "7"]
[White "Crouch, Colin S"]
[Black "Kiik, Kalle"]
[Result "1-0"]
[WhiteElo "2315"]
[BlackElo "2425"]

1.d4 Nf6 2.c4 e6 3.Nc3 Bb4 4.f3 d5 5.a3 Be7 6.e4 dxe4 7.fxe4 e5 8.d5 Bc5
9.Nf3 Bg4 10.Be2 Nbd7 11.Bg5 Bxf3 12.Bxf3 a5 13.Qa4 O-O 14.Rf1 h6 15.Bh4 Bd4
16.Qc2 c6 17.Ne2 Be3 18.Bxf6 Nxf6 19.Qb3 Bb6 20.O-O-O cxd5 21.cxd5 a4 22.Qd3 Nd7
23.d6 Nc5 24.Qd5 Ra5 25.Kb1 Ne6 26.Qxb7 Bd4 27.Nxd4 Nxd4 28.Qc7 Rb5 29.Bh5 Qg5
30.Bxf7+ Kh7 31.Qc3 Rfb8 32.Rf2 Qh4 33.g3 Qxe4+ 34.Qd3 Qxd3+ 35.Rxd3 Rd8
36.d7 Rxd7 37.Be8 Rdb7 38.Bxb5 Rxb5 39.Re3 Kg6 40.Kc1 Kg5 41.Re4 Rc5+ 42.Kd1 h5
43.Kd2 Rc2+ 44.Ke3 Nf5+ 45.Kf3 Nd4+ 46.Kg2 Rc5 47.h4+ Kh6 48.Kh3 Rb5 49.Re3 g6
50.Rc3 Nf5 51.Re2 Nd4 52.Rd2 Kg7 53.Rc4 Ra5 54.Rb4 Kf6 55.Rf2+ Ke6 56.Rb6+ Kd5
57.Rxg6 Ke4 58.Rg5 Ra8 59.Rxh5 Ke3 60.Kg2 e4 61.Rc5 Ne2 62.Rc4 Re8 63.Rc2  1-0

[Event "FRA-chT"]
[Site "FRA"]
[Date "1991.??.??"]
[Round "?"]
[White "Chabanon, Jean Luc"]
[Black "Pira, Davoud"]
[Result "1-0"]
[WhiteElo "2480"]
[BlackElo "2345"]

1.d4 Nf6 2.c4 e6 3.Nc3 Bb4 4.f3 d5 5.a3 Bxc3+ 6.bxc3 c5 7.cxd5 Nxd5 8.Qd3 cxd4
9.cxd4 f5 10.Nh3 O-O 11.Bg5 Qa5+ 12.Bd2 Qa4 13.e3 b6 14.Qb5 Qxb5 15.Bxb5 Ba6
16.Bxa6 Nxa6 17.Ke2 Rfe8 18.e4 Nf6 19.Nf2 Rac8 20.Rac1 Kf7 21.a4 fxe4 22.fxe4 Rxc1
23.Rxc1 b5 24.Rb1 Rb8 25.Rc1 b4 26.Rc4 Ne8  1-0

[Event "FRA-ch"]
[Site "FRA"]
[Date "1991.??.??"]
[Round "1"]
[White "Chabanon, Jean Luc"]
[Black "Renet, Olivier"]
[Result "1/2-1/2"]
[WhiteElo "2435"]
[BlackElo "2485"]

1.d4 Nf6 2.c4 e6 3.Nc3 Bb4 4.f3 d5 5.a3 Bxc3+ 6.bxc3 c5 7.cxd5 Nxd5 8.Qd3 O-O
9.e4 Ne7 10.Nh3 Nbc6 11.dxc5 Qa5 12.Be3 e5 13.Nf2 Be6 14.Nd1 Qc7 15.Be2 Rad8
16.Qb5 Na5 17.O-O Nec6 18.Nb2 Rd7 19.Rad1 Rfd8 20.Rxd7 Rxd7 21.f4 f6 22.f5 Bb3
23.Kf2 Kf8 24.Rg1 Ke7 25.g4 Kd8 26.h4 Kc8 27.g5 Qd8 28.Nc4 Bxc4 29.Bxc4 a6
30.Qa4 Rd2+ 31.Be2 Ra2 32.Qd1 Qxd1 33.Rxd1 Nc4 34.gxf6 gxf6 35.Bh6 Nxa3 36.Ke3 Nb5
37.Bxb5 axb5 38.Rd6 Rh2 39.Rxf6 Rh3+ 40.Kd2 Rxh4 41.Be3 Na5 42.Rf8+ Kd7 43.Bg5 Nc4+
44.Ke2 Rh2+ 45.Ke1 h6 46.Rd8+ Kc7 47.Rh8 Nb2 48.Be3 Rh1+ 49.Ke2 Rh2+ 50.Kf1 Nd1
51.Bxh6 Ne3+ 52.Kg1 Ng4 53.Bg7 Re2 54.f6 Nxf6 55.Bxf6 Rxe4 56.Re8 Kc6 57.Rxe5 Rxe5
58.Bxe5 Kxc5  1/2-1/2

[Event "FRA-ch"]
[Site "FRA"]
[Date "1991.??.??"]
[Round "6"]
[White "Chabanon, Jean Luc"]
[Black "Miralles, Gilles"]
[Result "1/2-1/2"]
[WhiteElo "2435"]
[BlackElo "2445"]

1.d4 Nf6 2.c4 e6 3.Nc3 Bb4 4.f3 d5 5.a3 Bxc3+ 6.bxc3 c5 7.cxd5 Nxd5 8.Qd3 cxd4
9.cxd4 Nc6 10.e4 Nb6 11.Be3 O-O 12.Rd1 f5 13.Nh3 fxe4 14.Qxe4 Nd5 15.Ng5 Nf6
16.Qd3 Qa5+ 17.Bd2 Qd5 18.Ne4 Nxe4 19.fxe4 Qxd4 20.Qxd4 Nxd4 21.Bc3 Nc2+
22.Kd2 Rf2+ 23.Kc1 Ne3 24.Rd8+ Rf8 25.Rxf8+ Kxf8 26.Be2 e5 27.Kd2 Ng4 28.Rf1+ Nf6
29.Bxe5 Ke7 30.Bf3 Bd7 31.Rc1 Bc6 32.Ke3 Re8 33.Rc4 Kf7 34.Bd6 Nd7 35.Kd4 Nb6
36.Rc2 Rd8 37.Ke5 Nd7+ 38.Kf4 Ke6 39.Bc7 Rf8+ 40.Ke3 Ne5 41.Be2 Rc8 42.Ba5 Re8
43.Bc3 g6 44.Bd4 a6 45.h3 Kd6 46.Bc5+ Kc7 47.Rd2 Nf7 48.Bf3 b6 49.Bd4 Ng5
50.Rc2 Kb7 51.h4 Ne6  1/2-1/2

[Event "Peer Gynt"]
[Site "Gausdal"]
[Date "1991.??.??"]
[Round "2"]
[White "Yakovich, Yuri"]
[Black "Fossan, Erik"]
[Result "1/2-1/2"]
[WhiteElo "2560"]
[BlackElo "2285"]

1.d4 Nf6 2.c4 e6 3.Nc3 Bb4 4.f3 d5 5.a3 Bxc3+ 6.bxc3 c5 7.cxd5 Nxd5 8.dxc5 Qa5
9.e4 Nc7 10.Qd4 f6 11.Be3 Nc6 12.Qc4 e5 13.Qb3 Be6 14.Qxb7 Bd7 15.Qb2 Be6
16.Bd3 Rb8 17.Qd2 Ke7 18.Ne2 Rhd8 19.O-O Na6 20.Kh1 Nxc5 21.Bxc5+ Qxc5 22.Nc1 Na5
23.Qc2  1/2-1/2

[Event "Peer Gynt"]
[Site "Gausdal"]
[Date "1991.??.??"]
[Round "2"]
[White "Khenkin, Igor"]
[Black "Holmsgaard, Henrik"]
[Result "1/2-1/2"]
[WhiteElo "2495"]
[BlackElo "2295"]

1.d4 Nf6 2.c4 e6 3.Nc3 Bb4 4.f3 d5 5.a3 Bxc3+ 6.bxc3 c5 7.cxd5 Nxd5 8.Qd3 O-O
9.e4 Ne7 10.Be3 Qa5 11.Bd2 Qc7 12.Qe3 Rd8 13.Bd3 Nbc6 14.Ne2 Qd7 15.Bb5 a6
16.Bxc6 Nxc6 17.Kf2 b5 18.Rhd1 Na5 19.Be1 Nc4 20.Qg5 Nb2 21.Rd2 Nc4 22.Rdd1 Nb2
23.Rd2 Nc4 24.Rc2 cxd4 25.cxd4 f6 26.Qg4 Qa7 27.Bb4 e5 28.Qh5 Be6 29.Bc5 Qc7
30.Rc3 Rd7  1/2-1/2

[Event "Peer Gynt"]
[Site "Gausdal"]
[Date "1991.??.??"]
[Round "4"]
[White "Khenkin, Igor"]
[Black "Schneider, Lars Ake"]
[Result "1-0"]
[WhiteElo "2495"]
[BlackElo "2445"]

1.d4 Nf6 2.c4 e6 3.Nc3 Bb4 4.f3 d5 5.a3 Bxc3+ 6.bxc3 c5 7.cxd5 Nxd5 8.Qd3 O-O
9.e4 Ne7 10.f4 f5 11.Nf3 Nbc6 12.dxc5 Qa5 13.exf5 Rxf5 14.Ng5 h6 15.Ne4 e5
16.g4 Rf8 17.f5 Kh8 18.Bg2 b6 19.f6 Ng8 20.O-O gxf6 21.Qd6 Bb7 22.Bxh6 Nxh6
23.Rxf6 Nf7 24.Rh6+ Nxh6 25.Qxh6+ Kg8 26.Qg6+ Kh8 27.Ng5 Qxc5+ 28.Kh1 Qe7
29.Qh6+ Kg8 30.Bd5+ Rf7 31.Qh7+  1-0

[Event "Gelsenkirchen"]
[Site "Gelsenkirchen"]
[Date "1991.??.??"]
[Round "?"]
[White "Costa, Jean Luc"]
[Black "Kishnev, Sergey"]
[Result "0-1"]
[WhiteElo "2405"]
[BlackElo "2520"]

1.d4 Nf6 2.c4 e6 3.Nc3 Bb4 4.f3 d5 5.a3 Be7 6.cxd5 exd5 7.b4 O-O 8.e3 Bf5
9.g4 Be6 10.Bd3 Ne8 11.Qc2 Bh4+ 12.Kf1 g6 13.Nge2 Qf6 14.Kg2 h5 15.gxh5 gxh5
16.Ng3 Ng7 17.Nce2 c6 18.e4 dxe4 19.fxe4 Bg5 20.Bb2 h4 21.Rhf1 Qh6 22.Nf5 Nxf5
23.exf5 Bd5+ 24.Be4 Bxe4+ 25.Qxe4 Nd7 26.Bc1 Nf6 27.Qf3 Kh7 28.Kh1 Rae8 29.Nc3 Rg8
30.Bxg5 Qxg5 31.Rae1 Qd2 32.Rxe8 Rxe8 33.Rd1 Re3 34.Rxd2 Rxf3 35.Rc2 h3 36.Kg1 Rd3
37.b5 cxb5 38.Nxb5 Ne4 39.Kf1 a6 40.Ke2 Rb3 41.Nc7 Rxa3 42.Nd5 Kg7 43.Rc1 Nd6
44.Rg1+ Kf8 45.Rg5 Ra2+ 46.Ke3 Rxh2 47.Rh5 Rb2 48.f6 Ke8 49.Kf4 h2 50.Ne3 Rf2+
51.Ke5 Kd7 52.d5 a5  0-1

[Event "BL2-W9091"]
[Site "Germany"]
[Date "1991.??.??"]
[Round "?"]
[White "Hermesmann, Hans"]
[Black "Schwarz, Michael"]
[Result "0-1"]
[WhiteElo "2345"]
[BlackElo "2315"]

1.d4 Nf6 2.c4 e6 3.Nc3 Bb4 4.f3 c5 5.d5 b5 6.e4 bxc4 7.Bxc4 Nxd5 8.Bxd5 exd5
9.Qxd5 Nc6 10.Ne2 Ba6 11.Be3 Ne7 12.Qd6 Bxe2 13.Kxe2 O-O 14.Rhd1 Nc8 15.Qxd7 Qh4
16.Qc7 Nb6 17.Nd5 Nxd5 18.Rxd5 Qf6 19.Qe5 Qa6+ 20.Kf2 Rfe8 21.Qf5 Qc4 22.Rd7 Qc2+
23.Kg1 Rf8 24.Qd5 Qxb2 25.Rd1 Rac8 26.Rxa7 c4 27.Bd4 Qc2 28.Rf1 Qd3 29.Rd7 Bd2
30.Qb5 Rcd8 31.Rxd8 Rxd8 32.Bb6 c3 33.Qc5 c2 34.Qc7 Rf8 35.Ra1 Bc3 36.Rc1 Qd1+  0-1

[Event "BL2-SW9091"]
[Site "Germany"]
[Date "1991.??.??"]
[Round "?"]
[White "Bode, Ulf"]
[Black "Becker, Marc"]
[Result "0-1"]
[WhiteElo "2250"]
[BlackElo "2260"]

1.d4 Nf6 2.c4 e6 3.Nc3 Bb4 4.f3 d5 5.a3 Bxc3+ 6.bxc3 c5 7.cxd5 Nxd5 8.dxc5 Qa5
9.e4 Ne7 10.Be3 O-O 11.Qb3 Qc7 12.Bc4 Nec6 13.Qb2 Na5 14.Ba2 Na6 15.Qf2 Bd7
16.Ne2 Rac8 17.Bf4 e5 18.Bg5 Nxc5 19.Rd1 Bb5 20.O-O Na4 21.Rd2 Nxc3 22.Nxc3 Qxc3
23.Rb1 Qc1+ 24.Rd1 Qxg5 25.Rxb5 b6 26.h4 Qf4 27.g3 Qf6 28.Rd7 Nc6 29.Rbd5 Nd4
30.Bb3 Rc3 31.Bd1 Rc1 32.Rxd4 exd4 33.Rxd4 Rd8  0-1

[Event "Anadalucia-chT"]
[Site "Granada"]
[Date "1991.??.??"]
[Round "1"]
[White "Aguilar, Juan"]
[Black "Del Prado, Cesar"]
[Result "1-0"]
[WhiteElo "2205"]
[BlackElo "2215"]

1.d4 Nf6 2.c4 e6 3.Nc3 Bb4 4.f3 d5 5.a3 Bxc3+ 6.bxc3 c5 7.Bg5 Qa5 8.Bxf6 Qxc3+
9.Kf2 gxf6 10.Rc1 Qxd4+ 11.Qxd4 cxd4 12.cxd5 Nd7 13.f4 e5 14.Nf3 Ke7 15.g3 h6
16.Bg2 Kd8 17.d6 Re8 18.Rhd1 Re6 19.e3 dxe3+ 20.Kxe3 exf4+ 21.Kxf4 Ne5 22.Nxe5 fxe5+
23.Ke3 Re8 24.Rc7 Bg4 25.Rdc1 Bd7 26.Rxb7 Rc8 27.Rxd7+ Kxd7 28.Bh3+ Kxd6
29.Rxc8 Re7 30.Bg2 e4 31.g4 h5 32.h3 Rb7 33.Rc3 f5 34.gxf5 Rg7 35.Bxe4 Ke5
36.Rc5+  1-0

[Event "Graz"]
[Site "Graz"]
[Date "1991.??.??"]
[Round "9"]
[White "Wells, Peter K"]
[Black "Lendwai, Reinhard"]
[Result "0-1"]
[WhiteElo "2460"]
[BlackElo "2405"]

1.d4 Nf6 2.c4 e6 3.Nc3 Bb4 4.f3 d5 5.a3 Be7 6.e4 dxe4 7.fxe4 e5 8.d5 Bc5
9.Nf3 Ng4 10.Na4 Bf2+ 11.Ke2 b5 12.h3 bxa4 13.hxg4 Bg3 14.Rh3 Bf4 15.Bxf4 exf4
16.Rh4 f6 17.c5 Nd7 18.Qd4 O-O 19.Kd2 Ne5 20.Bc4 Qe8 21.Rah1 h6 22.Nxe5 fxe5
23.Qc3 Rb8 24.g5 Kh7 25.Kc1 Qe7 26.gxh6 g5 27.Rh5 Bg4 28.d6 cxd6 29.cxd6 Qf6
30.Ba6 Bxh5 31.Rxh5 Rf7 32.Bc8 Rxc8 33.Qxc8 Qxd6 34.Rxg5 Rc7+  0-1